Star wars Jabba the hutt

Bibliographic Details
Format: Book
Published: London : Boxtree Limited , 1995
Subjects:

MARC

LEADER 00000cam a2200000 7i4500
001 0000008773
002 000009565
005 20000330.0
020 |a 0752207040 
090 0 0 |a C   |b STA 
245 0 0 |a Star wars Jabba the hutt 
260 |a London :   |b Boxtree Limited ,   |c 1995 
300 |a p.v :   |b ill ;   |c 16cm. 
650 0 0 |a Comic Book 
999 |a 052782   |b BUKU   |c RUJUKAN   |e PERPUSTAKAAN KOMUNITI PETALING JAYA